Statistics for Highest-Scoring Jetpunk Quiz #17 in Half The Time

Click here to take the quiz!

General Stats

  • This quiz has been taken 15 times
  • The average score is 5 of 5

Answer Stats

country% Correct
India
100%
Nepal
100%
Bhutan
93%
China
93%
Pakistan
73%

Score Distribution

Percentile by Number Answered

Percent of People with Each Score

Your Score History

You have not taken this quiz